An Introduction to Research Methodology and Report Writing in Psychology (Record no. 3632)
[ view plain ]
| 000 -LEADER | |
|---|---|
| fixed length control field | 01146cam a22001934a 4500 |
| 005 - ΗΜΕΡΟΜΗΝΙΑ ΚΑΙ ΩΡΑ ΤΕΛΕΥΤΑΙΑΣ ΕΝΗΜΕΡΩΣΗΣ | |
| Πεδίο ελέγχου | 20250605164121.0 |
| 008 - FIXED-LENGTH DATA ELEMENTS--GENERAL INFORMATION | |
| Πεδίο ελέγχου σταθερού μήκους | 250528s ||||||||||||||||||||||||d |
| 035 ## - SYSTEM CONTROL NUMBER | |
| System control number | 18263 |
| 020 ## - ISBN | |
| ISBN | 958701466 |
| 040 ## - ΠΗΓΗ ΚΑΤΑΛΟΓΟΓΡΑΦΗΣΗΣ | |
| Φορέας πρωτότυπης καταλογογράφησης | MC Athens Campus Library |
| Γλώσσα καταλογογράφησης | Ελληνικά, Μοντέρνα (1453-) |
| Modifying agency | MC Athens Campus Library |
| Κανόνες περιγραφικής καταλογογράφησης | AACR2 |
| 245 1# - ΤΙΤΛΟΣ ΚΑΙ ΔΗΛΩΣΗ ΥΠΕΥΘΥΝΟΤΗΤΑΣ | |
| Τίτλος | An Introduction to Research Methodology and Report Writing in Psychology |
| 260 ## - PUBLICATION, DISTRIBUTION, ETC. | |
| Name of publisher, distributor, etc. | Pineapple Press, |
| Date of publication, distribution, etc. | 1999 |
| 300 ## - PHYSICAL DESCRIPTION | |
| Extent | 508 |
| 520 ## - SUMMARY, ETC. | |
| Summary, etc. | All you ever wanted to know, or need to know, at least to get you started, about the science of psychology, research design, data description and analysis, and report writing. The Science of Psychology, Research Design, Measurement, Organizing and Displaying and Exploring Data, Central Tendency, Variability, The Normal Distribution, Correlation and Regression, Probability and Sampling Distributions, Hypothesis Testing, t-Tests, One-Way Independent Groups ANOVA, One-Way Repeated Measures ANOVA, Two-Way Independent Groups ANOVA, Nonparametric Tests, Report Writing, Example Report I, Example Report II, Answers to Exercises, Statistical Tables. |
| 700 1# - ΠΡΟΣΘΕΤΗ ΑΝΑΓΡΑΦΗ--ΦΥΣΙΚΟ ΠΡΟΣΩΠΟ | |
| Personal name | Tilley Andrew |
| 9 (RLIN) | 4541 |
| 942 ## - ADDED ENTRY ELEMENTS (KOHA) | |
| Koha item type | Books |
| Τύπος τεκμηρίου | Βιβλιοθήκη | Τρέχουσα τοποθεσία | Barcode | Αριθμός εισαγωγής | Ημερομηνία απόκτησης | Ταξιθετικό σύμβολο | Αριθμός αντιτύπου | Κατάσταση απόσυρσης | Κατάσταση χαμένου | Κατάσταση κατεστραμμένου | Μη δανεισμός | Σύνολο δανεισμών | Σύνολο ανανεώσεων | Ημερομηνία τελευταίας εμφάνισης | Χρονολογία τελευταίου δανεισμού | Η τιμή ισχύει από |
|---|---|---|---|---|---|---|---|---|---|---|---|---|---|---|---|---|
| Books | MC Athens Campus Library | MC Athens Campus Library | 9780000036315 | 2829 | 05/06/2025 | 150.19 TIL | 1 | 1 | 2 | 09/12/2025 | 06/11/2025 | 05/06/2025 |